1653 1720 1558 1033 1465 1125 1733 1095 1946 1539 1543 1649 1762 1655 1445 1704 1387 1946 1282 1595 1875 1708 1182 1100 1762 1617 1310 1428 1300 1784 1263 1844 1912 1596 1768 1942 1911 1249 1452 1220 1989 1519 1104 1370 1030 1151 1641 1945 1784 1746 1731 1193 1337 1736 1793 1003 1794 1079 1470 1303 1602 1796 1449 1796 1281 1785 1229 1654 1421 1355 1346 1995 1881 1038 1523 1851 1797 1368 1386 1479 1705 1680 1242 1501 1724 1878 1213 1209 1946 1444 1590 1593 1941 1633 1124 1995 1376 1764 1008 BCNSPRNW ULIB Ver.6.0+V

เปลี่ยนเป็นภาษาไทย

Change to English
 แสดงรายละเอียดบรรณานุกรม
  กลับหน้าหลัก

Brief Record : Get Marc (ISO 2709) : E-mail record : QR code < ปิดหน้าต่าง
LEADER : 00000nam 2200000uu 4500
001    13399128100
003     ULIB
008    220526s2563||||th 000 0 tha d
020    ^a9786164881174
060  4 ^aWB115^bร87^cล.4
245 00 ^aโรคทางอายุรศาสตร์ที่พบบ่อย เล่ม 4 /^cหทัยวรรณ รัตนบรรเจิดกุล ... [และคนอื่น ๆ]
250    ^aพิมพ์ครั้งที่ 1
260    ^aกรุงเทพฯ :^bกรุงเทพเวชสาร,^c2563
300    ^a368 หน้า :^bภาพประกอบ; ^c21 ซม.
650  7 ^aโรคอายุรศาสตร์
650  7 ^aอายุรศาสตร์
700 0  ^aหทัยวรรณ รัตนบรรเจิดกุล,^eบรรณาธิการ
700 0  ^aภานุช เอี่ยมประภาพร,^eบรรณาธิการ
700 0  ^aวศิเทพ ลิ้มวรพิทักษ์,^eบรรณาธิการ
700 0  ^aณรงค์กร ซ้ายโพธิ์กลาง,^eบรรณาธิการ
710    ^aมหาวิทยาลัยธรรมศาสตร์ ^bคณะแพทยศาสตร์ ภาควิชาอายุรศาสตร์
945    ^p400^l0^i008803
999    ^aประนอม เกษจรัล
รายการนี้ยังไม่มีแท็ก
คุณยังไม่ได้ล็อกอิน คุณสามารถมีกิจกรรมร่วมกับเว็บไซต์ได้ แต่ต้องล็อกอินก่อน ::
  ล็อกอิน

รายการสื่อสารสนเทศ

ลำดับที่ ประเภท เลขเรียก/บาร์โค้ด สถานที่ สถานะ
1. วิทยาศาสตร์การแพทย์ และสุขภาพ
หนังสือสำรอง
สถานะ=หนังสือสำรอง
WB115 ร87 ล.4 ฉ.1 
  Barcode: 008803
ห้องสมุดวิทยาเขตสวรรค์ประชารักษ์
►หนังสือทั่วไป
บนชั้น

รายการใกล้เคียง
    หัวเรื่อง [โรคอายุรศาสตร์]
    หัวเรื่อง [อายุรศาสตร์]

BibComment


ยังไม่เคยถูกคอมเมนท์

คอมเมนท์ทรัพยากรรายการนี้
  คอมเมนท์: โรคทางอายุรศาสตร..


 Copyright 2026. Bcnsprnw @Library